Asunto inconcluso (Record no. 34943)

MARC details
000 -LEADER
campo de control de longitud fija 00891nam a2200253 i 4500
001 - NÚMERO DE CONTROL
campo de control 34943
003 - IDENTIFICADOR DE NÚMERO DE CONTROL
campo de control ES-MaACL
005 - FECHA Y HORA DE LA ÚLTIMA TRANSACCIÓN
campo de control 20230906155026.0
007 - CAMPO FIJO DE DESCRIPCIÓN FÍSICA--INFORMACIÓN GENERAL
campo de control de longitud fija t|
008 - DATOS DE LONGITUD FIJA--INFORMACIÓN GENERAL
campo de control de longitud fija 030211s1945 ag ||||1| spa d
080 ## - NÚMERO DE LA CLASIFICACIÓN DECIMAL UNIVERSAL
Número de la Clasificación Decimal Universal 940.3/.4(093)
100 1# - ENTRADA PRINCIPAL--NOMBRE DE PERSONA
Nombre de persona Bonsal, Stephen.
9 (RLIN) 30297
245 10 - MENCIÓN DEL TÍTULO
Título Asunto inconcluso
Resto del título : (La paz de Versalles) /
Mención de responsabilidad, etc. por Stephen Bonsal ; introducción de Hugh Gibson ; [traducción de Manuel Barberá].
260 ## - PUBLICACIÓN, DISTRIBUCIÓN, ETC.
Lugar de publicación, distribución, etc. Buenos Aires :
Nombre del editor, distribuidor, etc. Emecé,
Fecha de publicación, distribución, etc. [s.a.] (
Fabricante Compañía Impresora Argentina,
Fecha de fabricación/manufactura 1945)
300 ## - DESCRIPCIÓN FÍSICA
Extensión 433 p. ;
Dimensiones 20 cm.
594 ## - Nota al título y mención de responsabilidad
Nota al título y mención de responsabilidad Trad. de: Unfinished business.
610 24 - PUNTO DE ACCESO ADICIONAL DE MATERIA--NOMBRE DE ENTIDAD CORPORATIVA
Nombre de entidad corporativa o nombre de jurisdicción como elemento de entrada Sociedad de Naciones.
9 (RLIN) 6682
611 2# - PUNTO DE ACCESO ADICIONAL DE MATERIA--NOMBRE DE REUNIÓN/CONGRESO
Nombre de congreso/reunión o jurisdicción como elemento de entrada Paris Peace Conference.
Fecha del congreso o de la firma del tratado 1919-1920)
9 (RLIN) 155229
630 04 - PUNTO DE ACCESO ADICIONAL DE MATERIA--TÍTULO UNIFORME
Título uniforme Tratado de Versalles (
Fecha de la firma de un tratado 1919)
9 (RLIN) 155228
700 1# - ENTRADA AGREGADA--NOMBRE PERSONAL
Nombre de persona Gibson, Hugh.
9 (RLIN) 56665
700 1# - ENTRADA AGREGADA--NOMBRE PERSONAL
Nombre de persona Barberá, Manuel.
9 (RLIN) 25419
740 3# - ENTRADA AGREGADA--TÍTULO RELACIONADO/ANALÍTICO NO CONTROLADO
Título relacionado o analítico no controlado La paz de Versalles.
852 ## - LOCALIZACIÓN
Ubicación ES-MaACL
Número de control de estantería D-5890
Holdings
Estatus retirado Estado de pérdida Estado de daño No para préstamo Biblioteca de origen Biblioteca actual Ubicación en estantería Fecha de adquisición Fuente de adquisición Total de préstamos Signatura topográfica completa Código de barras Visto por última vez Precio de reemplazo Tipo de ítem Koha
        Biblioteca del Ateneo de Madrid Biblioteca del Ateneo de Madrid Sala Valle Inclán 17/01/2008     D-5890 901036498 23/02/2023 23/02/2023 Libro impreso